00362nam a22001337a 4500003000400000008004100004041000800045082002200053100001900075245006900094250000800163260004900171300000800220OSt230221b |||||||| |||| 00| 0 eng d aeng a894.812 3bHAR/PR aHardy, Thomas  aPranayampole neelabപ്രണയംപോലെ നീല  a3rd aThiruvananthapuranbChintha Publishersc2023 a288